| 000 | 00000nas##2200000za#4500 |
| 001 | 9.510658 |
| 003 | CaOODSP |
| 005 | 20210305151629 |
| 007 | ta |
| 008 | 150406c1993||||xxc|| p #||||f| |0eng|d |
| 040 | |aCaOODSP|beng |
| 041 | |aeng |
| 041 | |afre |
| 043 | |an-cn--- |
| 086 | 1 |aYC3-343/10 |
| 110 | 1 |aCanada.|bParliament. |bSpecial Joint Committee on Bill C-116, Conflict of Interests. |
| 245 | 10|aSpecial Joint Committee on Bill C-116, Conflict of Interests, minutes of proceedings and evidence / |cJoint Chairmen: The Honourable Richard J. Stanbury, Senator; Don Blenkarn, M.P. |
| 260 | |bSenate and House of Commons. |
| 310 | |aIrregular |
| 362 | 1 |a3rd session, 34th Parliament, 40-42 Elizabeth II, 1991-1993 |
| 546 | |aBilingual |
| 792 | |tComité mixte spécial rélatif au projet de loi C-116, Conflits d'intérêts, procès-verbaux et témoignages / |efre|w(CaOODSP)9.510659 |